| 000 | 00548nam a2200169 4500 | ||
|---|---|---|---|
| 001 | 147950 | ||
| 003 | ES-MaACL | ||
| 005 | 20230906202341.0 | ||
| 007 | t| | ||
| 008 | 070214s1966 sp r ||||1| spa d | ||
| 100 | 1 |
_aSpinetoli, Hortensio da. _9107740 |
|
| 245 | 1 | 0 |
_aMaría en la biblia / _cHortensio da Spinetoli ; traducción de la segunda edición italiana por Gabriel de Sotiello. |
| 260 |
_aPamplona : _bLarraiza, _c1966. |
||
| 300 |
_a247 p. ; _c20 cm. |
||
| 700 | 1 |
_aSotiello, Gabriel de. _9107469 |
|
| 852 |
_aES-MaACL _jC-31898 _bR.62366 |
||
| 999 |
_c147950 _d147950 |
||